[Event "AUT-ch (Women)"]
[Site "Linz"]
[Date "2011.07.25"]
[Round "3"]
[White "Moser, Eva"]
[Black "Newrkla, Katharina"]
[Result "1-0"]
[WhiteElo "2432"]
[BlackElo "2070"]
[PlyCount "77"]
[EventDate "2011.07.23"]
[EventType "swiss"]
[EventRounds "9"]
[EventCountry "AUT"]
[SourceTitle "CBM 143 Extra"]
[Source "ChessBase"]
[SourceDate "2011.08.29"]
[SourceVersion "1"]
[SourceVersionDate "2011.08.29"]
[SourceQuality "1"]

1. c4 Nf6 2. Nc3 g6 3. e4 d6 4. h3 Bg7 5. d3 O-O 6. Nge2 c5 7. g3 Nc6 8. Bg2
Bd7 9. O-O Nd4 10. Be3 Ne8 11. Rb1 Rb8 12. b4 Nc7 13. b5 Nxe2+ 14. Nxe2 Ne6 15.
g4 Nd4 16. Ng3 e6 17. Qd2 f5 18. exf5 exf5 19. Bg5 Bf6 20. Bxf6 Qxf6 21. g5 Qg7
22. Qf4 Qe5 23. Qxe5 dxe5 24. Rfe1 Rfe8 25. Ne2 Ne6 26. h4 h6 27. gxh6 Kh7 28.
Nc3 Nf4 29. Nd5 Nxd5 30. Bxd5 Kxh6 31. Re2 Kg7 32. b6 a6 33. Rbe1 Kf6 34. f4
exf4 35. Rxe8 Bxe8 36. Re6+ Kf7 37. Kf2 Bd7 38. Rd6+ Ke7 39. Rxg6 1-0

[Event "AUT-ch (Women)"]
[Site "Linz"]
[Date "2011.07.24"]
[Round "2"]
[White "Hapala, Elisabeth"]
[Black "Moser, Eva"]
[Result "0-1"]
[WhiteElo "1889"]
[BlackElo "2432"]
[PlyCount "112"]
[EventDate "2011.07.23"]
[EventType "swiss"]
[EventRounds "9"]
[EventCountry "AUT"]
[SourceTitle "CBM 143 Extra"]
[Source "ChessBase"]
[SourceDate "2011.08.29"]
[SourceVersion "1"]
[SourceVersionDate "2011.08.29"]
[SourceQuality "1"]

1. e4 g6 2. d4 Bg7 3. Nc3 d6 4. f4 c6 5. Nf3 Bg4 6. Be3 Nd7 7. e5 Qb6 8. Qd2
Bxf3 9. gxf3 d5 10. O-O-O e6 11. h4 h5 12. Bd3 Ne7 13. Bf2 Qc7 14. Kb1 a6 15.
Ne2 Bh6 16. c4 dxc4 17. Bxc4 Nb6 18. Bb3 Nbd5 19. Be3 Rd8 20. Bxd5 Nxd5 21. Ng3
Bf8 22. Ne4 Bb4 23. Qf2 Be7 24. Bd2 Ra8 25. Rc1 Qb6 26. Ka1 Qb5 27. Qf1 Qxf1
28. Rcxf1 Rd8 29. Rd1 O-O 30. Kb1 Rd7 31. Ng5 Rfd8 32. Ne4 Kf8 33. a3 Rc8 34.
Rc1 Nc7 35. Be3 Nb5 36. Nc5 Bxc5 37. dxc5 Rd3 38. Rhe1 Rcd8 39. Kc2 R3d5 40.
Rcd1 Nc7 41. Rxd5 exd5 42. Rd1 Ne6 43. Kc3 d4+ 44. Bxd4 Nxf4 45. Rd2 Ke7 46.
Kc4 Ke6 47. b4 Kf5 48. a4 Ne6 49. Bc3 Rxd2 50. Bxd2 g5 51. hxg5 h4 52. Be1 h3
53. Bg3 Nxg5 54. b5 axb5+ 55. axb5 Nxf3 56. bxc6 bxc6 0-1

[Event "AUT-ch (Women)"]
[Site "Linz"]
[Date "2011.07.23"]
[Round "1"]
[White "Moser, Eva"]
[Black "Hackbarth, Christa"]
[Result "1-0"]
[WhiteElo "2432"]
[BlackElo "1852"]
[PlyCount "57"]
[EventDate "2011.07.23"]
[EventType "swiss"]
[EventRounds "9"]
[EventCountry "AUT"]
[SourceTitle "CBM 143 Extra"]
[Source "ChessBase"]
[SourceDate "2011.08.29"]
[SourceVersion "1"]
[SourceVersionDate "2011.08.29"]
[SourceQuality "1"]

1. g3 d5 2. Nf3 c6 3. Bg2 Bf5 4. O-O e6 5. d3 Nf6 6. Nbd2 Be7 7. b3 O-O 8. Bb2
h6 9. e3 Nbd7 10. Qe2 Qc7 11. e4 dxe4 12. dxe4 Bg4 13. a4 Rfd8 14. Bc3 Bh5 15.
h3 Ne5 16. Bxe5 Qxe5 17. g4 Qf4 18. gxh5 Nxh5 19. Rad1 Bc5 20. Qc4 Bb6 21. e5
Qf5 22. Qg4 Qxc2 23. Qxh5 Ba5 24. Rc1 Qd3 25. Nc4 Bb4 26. Rb1 Qe2 27. Qg4 Bc5
28. Nfd2 Qd3 29. Ne4 1-0

[Event "EU-ch (Women) 12th"]
[Site "Tbilisi"]
[Date "2011.05.16"]
[Round "9"]
[White "Janjgava, Natia"]
[Black "Moser, Eva"]
[Result "1/2-1/2"]
[WhiteElo "2291"]
[BlackElo "2445"]
[PlyCount "80"]
[EventDate "2011.05.07"]
[EventType "swiss"]
[EventRounds "11"]
[EventCountry "GEO"]
[SourceTitle "CBM 142 Extra"]
[Source "ChessBase"]
[SourceDate "2011.06.27"]
[SourceVersion "1"]
[SourceVersionDate "2011.06.27"]
[SourceQuality "1"]

1. Nf3 c5 2. c4 Nc6 3. Nc3 e5 4. d3 g6 5. g3 d6 6. Bg2 Bg7 7. O-O Nge7 8. Nd5
O-O 9. Bd2 Rb8 10. a4 a5 11. Ne1 h6 12. Nc2 Kh7 13. Bc3 Be6 14. e3 Nf5 15. f4
Nb4 16. Re1 Bxd5 17. cxd5 exf4 18. gxf4 Qh4 19. Na3 Rfe8 20. Nc4 Re7 21. Be4
Qh3 22. Bg2 Qh4 23. Be4 Rbe8 24. Bxg7 Nxg7 25. Qd2 Nh5 26. Rf1 Nf6 27. Nxd6 Rd8
28. Nc4 Nxe4 29. dxe4 Rxe4 30. b3 Rxd5 31. Qg2 Qe7 32. Rad1 Rxd1 33. Rxd1 Re6
34. Qd2 Nc6 35. Qd7 Rxe3 36. Nxe3 Qxe3+ 37. Kg2 Qe2+ 38. Kg3 Qe3+ 39. Kg2 Qe2+
40. Kg3 Qe3+ 1/2-1/2

[Event "EU-ch (Women) 12th"]
[Site "Tbilisi"]
[Date "2011.05.15"]
[Round "8"]
[White "Moser, Eva"]
[Black "Cornette, Deimante"]
[Result "1-0"]
[WhiteElo "2445"]
[BlackElo "2306"]
[PlyCount "59"]
[EventDate "2011.05.07"]
[EventType "swiss"]
[EventRounds "11"]
[EventCountry "GEO"]
[SourceTitle "CBM 142 Extra"]
[Source "ChessBase"]
[SourceDate "2011.06.27"]
[SourceVersion "1"]
[SourceVersionDate "2011.06.27"]
[SourceQuality "1"]

1. c4 Nf6 2. Nc3 g6 3. e4 d6 4. h3 Bg7 5. d3 O-O 6. Nge2 c6 7. g4 d5 8. g5 Nfd7
9. cxd5 cxd5 10. Nxd5 e6 11. Ndc3 f5 12. Bg2 Nc6 13. d4 f4 14. Bxf4 Rxf4 15.
Nxf4 Nxd4 16. h4 Ne5 17. Nfe2 Ndf3+ 18. Bxf3 Nxf3+ 19. Kf1 Nd2+ 20. Kg2 Qd6 21.
Rc1 Bxc3 22. Nxc3 Qf4 23. Rc2 Nc4 24. Qd8+ Kf7 25. Qf6+ Qxf6 26. gxf6 Kxf6 27.
Nb5 Nb6 28. Nd6 Rb8 29. Nxc8 Nxc8 30. Rd1 1-0

[Event "EU-ch (Women) 12th"]
[Site "Tbilisi"]
[Date "2011.05.13"]
[Round "7"]
[White "Galojan, Lilit"]
[Black "Moser, Eva"]
[Result "1-0"]
[WhiteElo "2377"]
[BlackElo "2445"]
[PlyCount "157"]
[EventDate "2011.05.07"]
[EventType "swiss"]
[EventRounds "11"]
[EventCountry "GEO"]
[SourceTitle "CBM 142 Extra"]
[Source "ChessBase"]
[SourceDate "2011.06.27"]
[SourceVersion "1"]
[SourceVersionDate "2011.06.27"]
[SourceQuality "1"]

1. d4 c5 2. d5 d6 3. c4 g6 4. e4 Bg7 5. Bd3 e6 6. Nc3 Ne7 7. h3 O-O 8. Nf3 a6
9. O-O e5 10. a3 h6 11. b4 b6 12. bxc5 bxc5 13. Rb1 f5 14. Re1 Nd7 15. Re2 fxe4
16. Nxe4 Rxf3 17. gxf3 Nf5 18. Ng3 Nd4 19. Reb2 Nf8 20. Rb8 Rxb8 21. Rxb8 Qc7
22. Rxc8 Qxc8 23. Kg2 Qd7 24. f4 h5 25. Qe1 Qf7 26. Qe4 Bh6 27. Bb2 exf4 28.
Nf1 Bg7 29. Bxd4 Bxd4 30. Nd2 Kg7 31. Nf3 Nd7 32. Ng5 Qf6 33. Ne6+ Kh6 34.
Qxf4+ Qxf4 35. Nxf4 Bb2 36. a4 g5 37. Ne6 a5 38. Nd8 Nb6 39. Nf7+ Kg7 40. Nxd6
Nxa4 41. Nb7 Nb6 42. Nxa5 Kf6 43. Nb7 Ke5 44. Be2 Bd4 45. Nd8 g4 46. hxg4 hxg4
47. Kg3 Kd6 48. Nf7+ Ke7 49. Nh6 Nd7 50. Nxg4 Nf6 51. Nh6 Ne4+ 52. Kf3 Nd6 53.
Bd3 Kf6 54. Ng4+ Kg5 55. Ne3 Bxe3 56. Kxe3 Kf6 57. f4 Nf7 58. Kd2 Ke7 59. Kc3
Kd6 60. Kb3 Nh6 61. Ka4 Ng4 62. Kb5 Nf2 63. Bc2 Ng4 64. Kb6 Nf6 65. Kb7 Nh5 66.
f5 Nf6 67. Kc8 Nd7 68. Kd8 Nf6 69. Bd1 Ne4 70. Be2 Nf6 71. Bf3 Nd7 72. Ke8 Nf6+
73. Kf7 Nd7 74. Be2 Ke5 75. Ke7 Nb6 76. f6 Nc8+ 77. Kd7 Nd6 78. Bh5 Nxc4 79. f7
1-0

[Event "EU-ch (Women) 12th"]
[Site "Tbilisi"]
[Date "2011.05.12"]
[Round "6"]
[White "Moser, Eva"]
[Black "Dzagnidze, Nana"]
[Result "1/2-1/2"]
[WhiteElo "2445"]
[BlackElo "2557"]
[PlyCount "107"]
[EventDate "2011.05.07"]
[EventType "swiss"]
[EventRounds "11"]
[EventCountry "GEO"]
[SourceTitle "CBM 142 Extra"]
[Source "ChessBase"]
[SourceDate "2011.06.27"]
[SourceVersion "1"]
[SourceVersionDate "2011.06.27"]
[SourceQuality "1"]

1. e4 c5 2. c3 d5 3. exd5 Qxd5 4. d4 Nf6 5. Nf3 Bg4 6. Be2 e6 7. O-O Nc6 8. Be3
cxd4 9. Nxd4 Bxe2 10. Qxe2 Bd6 11. Nb5 Bb8 12. Nd2 O-O 13. Rfd1 Qe5 14. Nf3 Qh5
15. h3 Nd5 16. c4 Nxe3 17. Qxe3 a6 18. Nd6 Ba7 19. Qe4 Rab8 20. Rd2 Qg6 21.
Qxg6 hxg6 22. Kf1 Rfd8 23. Rad1 f6 24. Ne4 Kf8 25. Rxd8+ Rxd8 26. Rxd8+ Nxd8
27. b4 Nc6 28. a3 Ke7 29. c5 Bb8 30. Ke2 e5 31. Nc3 f5 32. Ng5 e4 33. Nd5+ Kd7
34. Nb6+ Ke8 35. Ke3 Be5 36. f3 Bf6 37. h4 Bd4+ 38. Ke2 exf3+ 39. Nxf3 Bf6 40.
Kd3 Ne5+ 41. Nxe5 Bxe5 42. Nc4 Bg3 43. Na5 Bxh4 44. Nxb7 Kd7 45. Kc4 g5 46. Kd5
g4 47. c6+ Kc7 48. Nc5 Kc8 49. Ke5 g6 50. Ne6 Be1 51. Kf6 Bd2 52. Ke5 Be1 53.
Kf6 Bd2 54. Ke5 1/2-1/2

[Event "EU-ch (Women) 12th"]
[Site "Tbilisi"]
[Date "2011.05.11"]
[Round "5"]
[White "Mammadova, Gulnar Marfat Qizi"]
[Black "Moser, Eva"]
[Result "0-1"]
[WhiteElo "2312"]
[BlackElo "2445"]
[PlyCount "100"]
[EventDate "2011.05.07"]
[EventType "swiss"]
[EventRounds "11"]
[EventCountry "GEO"]
[SourceTitle "CBM 142 Extra"]
[Source "ChessBase"]
[SourceDate "2011.06.27"]
[SourceVersion "1"]
[SourceVersionDate "2011.06.27"]
[SourceQuality "1"]

1. e4 c5 2. b3 Nf6 3. e5 Nd5 4. Nf3 g6 5. c4 Nc7 6. Ba3 Ne6 7. Nc3 Bg7 8. Qe2
Nc6 9. Qe3 Qa5 10. Na4 d6 11. Bb2 Ned4 12. O-O-O Nxf3 13. Bc3 Qd8 14. gxf3 dxe5
15. Nxc5 Qc7 16. Nd3 Bf5 17. Re1 Nd4 18. Nb4 e6 19. Bd3 O-O 20. Bxf5 exf5 21.
Nd5 Qd6 22. Bb4 Qa6 23. Kb1 Rfd8 24. Nc7 Qb6 25. Nxa8 Qxb4 26. Nc7 e4 27. fxe4
fxe4 28. Qc3 Qc5 29. Nd5 Nf3 30. Nf6+ Kh8 31. Nxe4 Qf5 32. Qc2 Qe5 33. Qc3 Qf5
34. Qc2 Qe5 35. Qc3 Nxd2+ 36. Kc2 Qf5 37. Qe3 Nf3 38. Qc5 Qf4 39. Re3 Nd4+ 40.
Kb1 Ne6 41. Qa5 h6 42. a4 b6 43. Qb4 Qe5 44. Qa3 a5 45. Ka2 Ng5 46. Nxg5 Rd2+
47. Kb1 Qxg5 48. Kc1 Rxf2 49. Qe7 Qf5 50. Re4 Qf3 0-1

[Event "EU-ch (Women) 12th"]
[Site "Tbilisi"]
[Date "2011.05.09"]
[Round "3"]
[White "Nikoladze, Sopio"]
[Black "Moser, Eva"]
[Result "0-1"]
[WhiteElo "2278"]
[BlackElo "2445"]
[PlyCount "52"]
[EventDate "2011.05.07"]
[EventType "swiss"]
[EventRounds "11"]
[EventCountry "GEO"]
[SourceTitle "CBM 142 Extra"]
[Source "ChessBase"]
[SourceDate "2011.06.27"]
[SourceVersion "1"]
[SourceVersionDate "2011.06.27"]
[SourceQuality "1"]

1. d4 c5 2. d5 d6 3. e4 g6 4. Nc3 Bg7 5. Nf3 Nf6 6. Be2 O-O 7. O-O Na6 8. Nd2
Rb8 9. a4 Nb4 10. Nc4 b6 11. f4 Ba6 12. Na3 Bb7 13. Bf3 e6 14. g4 exd5 15. exd5
Nfxd5 16. Nxd5 Nxd5 17. Nb5 Nf6 18. f5 Ne4 19. Nxa7 Re8 20. c3 Qh4 21. fxg6
hxg6 22. Bf4 g5 23. Bxe4 Rxe4 24. Bg3 Qh3 25. Qxd6 Rbe8 26. Qxb6 Re1 0-1

[Event "EU-ch (Women) 12th"]
[Site "Tbilisi"]
[Date "2011.05.08"]
[Round "2"]
[White "Moser, Eva"]
[Black "Guramishvili, Sopiko"]
[Result "0-1"]
[WhiteElo "2445"]
[BlackElo "2299"]
[PlyCount "140"]
[EventDate "2011.05.07"]
[EventType "swiss"]
[EventRounds "11"]
[EventCountry "GEO"]
[SourceTitle "CBM 142 Extra"]
[Source "ChessBase"]
[SourceDate "2011.06.27"]
[SourceVersion "1"]
[SourceVersionDate "2011.06.27"]
[SourceQuality "1"]

1. e4 c5 2. c3 d6 3. d4 Nf6 4. Bd3 g6 5. Ne2 Bg7 6. O-O O-O 7. f3 Qb6 8. Qb3
Qc7 9. Be3 Nc6 10. Qd1 Rd8 11. Qd2 a6 12. b4 Nd7 13. a4 Qb6 14. a5 Qa7 15. Bc2
b6 16. axb6 Qxb6 17. b5 Na5 18. Na3 axb5 19. Rfb1 Ba6 20. Ba4 Qc7 21. Bxb5 Rdb8
22. Bxa6 Rxa6 23. Rxb8+ Qxb8 24. Rb1 Rb6 25. Rxb6 Qxb6 26. Qc2 Nb3 27. d5 Qa6
28. Nb1 Na5 29. Nc1 Nc4 30. Bf4 Ndb6 31. Nd2 Qa1 32. Nb1 h6 33. h4 Kh7 34. Kh2
Qa5 35. Ne2 Qb5 36. Nc1 Ne5 37. Ne2 Nbc4 38. Bc1 Bf6 39. Kg3 Na5 40. Na3 Qa6
41. Be3 Nb3 42. Nb1 Na1 43. Qd1 Nc4 44. Qd3 Qa4 45. Bc1 Nc2 46. Nf4 Be5 47. Kf2
Qa2 48. Ne2 Bf6 49. Nd2 Ne5 50. Qb5 Bxh4+ 51. g3 Bf6 52. Qb3 Nd3+ 53. Kg1 Nxc1
54. Nxc1 Qxb3 55. Ncxb3 Bxc3 56. Nc4 Nd4 57. Nxd4 Bxd4+ 58. Kg2 f5 59. g4 fxe4
60. fxe4 Kg7 61. g5 h5 62. Kf3 Kf7 63. Ke2 Be5 64. Kf3 Ke8 65. Ne3 Bb2 66. Nc4
Bc1 67. e5 Kd7 68. e6+ Ke8 69. Kg3 Bxg5 70. Kh3 Kd8 0-1

[Event "EU-ch (Women) 12th"]
[Site "Tbilisi"]
[Date "2011.05.07"]
[Round "1"]
[White "Gavasheli, Ana"]
[Black "Moser, Eva"]
[Result "0-1"]
[WhiteElo "2160"]
[BlackElo "2445"]
[PlyCount "114"]
[EventDate "2011.05.07"]
[EventType "swiss"]
[EventRounds "11"]
[EventCountry "GEO"]
[SourceTitle "CBM 142 Extra"]
[Source "ChessBase"]
[SourceDate "2011.06.27"]
[SourceVersion "1"]
[SourceVersionDate "2011.06.27"]
[SourceQuality "1"]

1. c4 e5 2. Nc3 Nc6 3. g3 Bb4 4. Bg2 Bxc3 5. bxc3 Nge7 6. d3 O-O 7. Nf3 d6 8.
O-O h6 9. Nd2 Bg4 10. Nb3 Qd7 11. d4 Rad8 12. Re1 b6 13. Ba3 Bh3 14. Bh1 f5 15.
c5 dxc5 16. dxc5 Qe6 17. Qc2 b5 18. e3 Bg4 19. Rab1 a6 20. Nd2 Rd7 21. Qb3 Qxb3
22. Nxb3 Bh5 23. Bg2 Bf7 24. Bb4 Rfd8 25. Bh3 Bd5 26. Ra1 Be4 27. Bf1 Bd3 28.
a4 Bxf1 29. Rxf1 Nd5 30. axb5 axb5 31. Na5 Nxa5 32. Rxa5 c6 33. Rd1 Kf7 34. Ra6
Rc8 35. Rda1 Ne7 36. Ra7 Rxa7 37. Rxa7 Rd8 38. Kf1 Ke6 39. Ke2 Rd7 40. Ra6 Kd5
41. Ra8 Kc4 42. Ra6 e4 43. f3 Nd5 44. fxe4 fxe4 45. Rxc6 Nxb4 46. cxb4 Kxb4 47.
Re6 Kxc5 48. Rxe4 b4 49. Re8 b3 50. Rb8 Kc4 51. e4 Kc3 52. Rc8+ Kb2 53. e5 Rd5
54. Re8 Kc2 55. Rc8+ Kb1 56. Re8 b2 57. e6 Ra5 0-1

[Event "BL 1011 (Women)"]
[Site "Germany"]
[Date "2011.02.19"]
[Round "8.3"]
[White "Vovk, Oksana"]
[Black "Moser, Eva"]
[Result "0-1"]
[WhiteElo "2157"]
[BlackElo "2436"]
[PlyCount "104"]
[EventDate "2010.11.06"]
[EventType "team-tourn"]
[EventRounds "11"]
[EventCountry "GER"]
[SourceTitle "EXT 2012"]
[Source "ChessBase"]
[SourceDate "2011.11.24"]
[SourceVersion "1"]
[SourceVersionDate "2011.11.24"]
[SourceQuality "1"]
[WhiteTeam "Muelheim Nord (W)"]
[BlackTeam "Baden-Baden (W)"]
[WhiteTeamCountry "GER"]
[BlackTeamCountry "GER"]

1. d4 c5 2. d5 d6 3. e4 g6 4. Nf3 Bg7 5. Be2 Nf6 6. Nc3 O-O 7. O-O Na6 8. Bf4
Nc7 9. a4 Nd7 10. h3 f5 11. exf5 Rxf5 12. Bh2 Nb6 13. a5 Nbxd5 14. Nxd5 Rxd5
15. Bc4 Be6 16. Bxd5 Bxd5 17. c3 Qd7 18. Nd2 Bh6 19. f4 Rf8 20. Qe2 Bc6 21. Rf2
Nd5 22. Raf1 Rf6 23. c4 Nc7 24. Bg3 Ne6 25. Ne4 Rf5 26. Nc3 Nd4 27. Qd3 Bg7 28.
Ne2 Rf7 29. b4 Qe6 30. b5 Be4 31. Qe3 Nf5 32. Qc1 Bd3 33. Re1 Qxc4 34. Kh2 Qxc1
35. Nxc1 Bxb5 36. Rc2 Bh6 37. Rb2 Bc6 38. Ne2 Bg7 39. Rd2 Nxg3 40. Kxg3 Kf8 41.
Kh2 Ke8 42. g3 Kd7 43. Rd3 Rf5 44. Nc3 c4 45. Rde3 Bf6 46. Ne4 Bxe4 47. Rxe4
Rc5 48. g4 g5 49. f5 c3 50. Rb4 c2 51. Rxb7+ Kc6 52. Rxa7 c1=Q 0-1

[Event "BL 1011 (Women)"]
[Site "Germany"]
[Date "2011.01.29"]
[Round "6.3"]
[White "Moser, Eva"]
[Black "Chlost, Marlena"]
[Result "1-0"]
[WhiteElo "2436"]
[BlackElo "2146"]
[PlyCount "95"]
[EventDate "2010.11.06"]
[EventType "team-tourn"]
[EventRounds "11"]
[EventCountry "GER"]
[SourceTitle "EXT 2012"]
[Source "ChessBase"]
[SourceDate "2011.11.24"]
[SourceVersion "1"]
[SourceVersionDate "2011.11.24"]
[SourceQuality "1"]
[WhiteTeam "Baden-Baden (W)"]
[BlackTeam "Torgelow (W)"]
[WhiteTeamCountry "GER"]
[BlackTeamCountry "GER"]

1. e4 c5 2. d3 Nc6 3. g3 g6 4. Bg2 Bg7 5. f4 d6 6. Nf3 e6 7. O-O Nge7 8. c3 O-O
9. Be3 b6 10. Bf2 Ba6 11. Re1 Rc8 12. a4 e5 13. Na3 Qd7 14. Nc4 Rcd8 15. Ne3
Bb7 16. f5 d5 17. exd5 Nxd5 18. Nxd5 Qxd5 19. Nxe5 Qxg2+ 20. Kxg2 Nxe5+ 21. Kh3
Nxd3 22. Qe2 gxf5 23. Be3 Rd6 24. Bg5 Be4 25. Rf1 Rg6 26. Bh4 Re8 27. Rad1 Ne5
28. Rf4 Ng4 29. Rd8 Rxd8 30. Bxd8 h5 31. Bh4 Rd6 32. Rf1 Rd3 33. Bg5 Be5 34.
Bf4 Bf6 35. Bc1 Kh7 36. Rf4 Kg7 37. Rf1 Be5 38. Bg5 f6 39. Bc1 Kg6 40. Bf4 c4
41. Kh4 Rd8 42. Bxe5 Nxe5 43. Rf4 Bf3 44. Qf2 Rd1 45. Rxf3 Re1 46. Rxf5 Re4+
47. Rf4 Nd3 48. Rxe4 1-0

[Event "BL 1011 (Women)"]
[Site "Germany"]
[Date "2011.01.09"]
[Round "5.3"]
[White "Schmidt, Jessica"]
[Black "Moser, Eva"]
[Result "0-1"]
[WhiteElo "2245"]
[BlackElo "2436"]
[PlyCount "72"]
[EventDate "2010.11.06"]
[EventType "team-tourn"]
[EventRounds "11"]
[EventCountry "GER"]
[SourceTitle "EXT 2012"]
[Source "ChessBase"]
[SourceDate "2011.11.24"]
[SourceVersion "1"]
[SourceVersionDate "2011.11.24"]
[SourceQuality "1"]
[WhiteTeam "Karlsruhe (W)"]
[BlackTeam "Baden-Baden (W)"]
[WhiteTeamCountry "GER"]
[BlackTeamCountry "GER"]

1. d4 c5 2. d5 d6 3. e4 g6 4. c4 Bg7 5. Nf3 e6 6. Be2 Ne7 7. O-O O-O 8. h3 a6
9. a4 e5 10. Nc3 f5 11. a5 Nd7 12. Ng5 Nf6 13. exf5 Nxf5 14. Nge4 Nxe4 15. Nxe4
Nd4 16. Bg4 Bf5 17. Bg5 Qc7 18. Ng3 Rab8 19. Ra3 b5 20. axb6 Rxb6 21. Bxf5 gxf5
22. Nh5 f4 23. Qg4 Qc8 24. Qxc8 Rxc8 25. Bf6 Bh6 26. g4 Kf7 27. Kh1 Ra8 28. Ra2
Nb3 29. Re1 Rb4 30. Bh4 Bf8 31. Ra3 a5 32. Re4 Nd2 33. Re2 Nxc4 34. Ra2 Nb6 35.
f3 Nxd5 36. Be1 Rb5 0-1

[Event "Donau op 19th"]
[Site "Aschach"]
[Date "2010.12.30"]
[Round "6"]
[White "Sakelsek, Tadej"]
[Black "Moser, Eva"]
[Result "1/2-1/2"]
[WhiteElo "2401"]
[BlackElo "2413"]
[PlyCount "33"]
[EventDate "2010.12.26"]
[EventType "swiss"]
[EventRounds "7"]
[EventCountry "AUT"]
[SourceTitle "CBM 140 Extra"]
[Source "ChessBase"]
[SourceDate "2011.03.01"]
[SourceVersion "1"]
[SourceVersionDate "2011.03.01"]
[SourceQuality "1"]

1. e4 e6 2. d4 d5 3. Nd2 c5 4. exd5 exd5 5. Ngf3 Nf6 6. Bb5+ Bd7 7. Bxd7+ Nbxd7
8. O-O Be7 9. Re1 O-O 10. dxc5 Nxc5 11. Nb3 Nce4 12. Be3 Re8 13. h3 Bd6 14. c3
Rc8 15. Nfd4 Bb8 16. Qf3 Qc7 17. g3 1/2-1/2

[Event "Donau op 19th"]
[Site "Aschach"]
[Date "2010.12.29"]
[Round "5"]
[White "Moser, Eva"]
[Black "Sadilek, Peter"]
[Result "1-0"]
[WhiteElo "2413"]
[BlackElo "2202"]
[PlyCount "79"]
[EventDate "2010.12.26"]
[EventType "swiss"]
[EventRounds "7"]
[EventCountry "AUT"]
[SourceTitle "CBM 140 Extra"]
[Source "ChessBase"]
[SourceDate "2011.03.01"]
[SourceVersion "1"]
[SourceVersionDate "2011.03.01"]
[SourceQuality "1"]

1. e4 e6 2. d3 d5 3. Nd2 Nf6 4. Ngf3 c5 5. g3 Nc6 6. Bg2 Be7 7. O-O O-O 8. Re1
b5 9. e5 Ne8 10. Nf1 a5 11. h4 b4 12. N1h2 a4 13. Ng5 Nc7 14. Qh5 h6 15. Nh3
Qe8 16. Qd1 a3 17. bxa3 bxa3 18. Bf4 Ra7 19. Ng4 Nd4 20. Rb1 Bd7 21. Qd2 Nf5
22. h5 Nb5 23. Nh2 Bc6 24. Nf3 Ra4 25. g4 Nh4 26. Nxh4 Bxh4 27. g5 Kh7 28. Kh2
Nd4 29. Rg1 Nf5 30. Bf3 d4 31. Be4 g6 32. gxh6 Qa8 33. Rbe1 c4 34. Rg4 Be7 35.
Bg5 Bb4 36. Qd1 cxd3 37. Bf6 Bxe4 38. Rexe4 dxc2 39. hxg6+ fxg6 40. Ng5+ 1-0

[Event "Donau op 19th"]
[Site "Aschach"]
[Date "2010.12.28"]
[Round "4"]
[White "Neuman, Petr"]
[Black "Moser, Eva"]
[Result "1/2-1/2"]
[WhiteElo "2476"]
[BlackElo "2413"]
[PlyCount "81"]
[EventDate "2010.12.26"]
[EventType "swiss"]
[EventRounds "7"]
[EventCountry "AUT"]
[SourceTitle "CBM 140 Extra"]
[Source "ChessBase"]
[SourceDate "2011.03.01"]
[SourceVersion "1"]
[SourceVersionDate "2011.03.01"]
[SourceQuality "1"]

1. d4 d5 2. c4 c6 3. Nc3 dxc4 4. e3 b5 5. a4 b4 6. Na2 e6 7. Bxc4 Nf6 8. Nf3
Bb7 9. O-O Nbd7 10. Bd2 a5 11. Nc1 Be7 12. Nb3 O-O 13. Qe2 c5 14. Rfd1 Qb6 15.
Be1 Rfc8 16. Bb5 Bd5 17. Nbd2 cxd4 18. Nxd4 Ne5 19. f3 Bc5 20. Nf1 Nc6 21. Bxc6
Bxc6 22. Bf2 Be8 23. Nb3 Be7 24. e4 Qa6 25. Qxa6 Rxa6 26. Nfd2 Raa8 27. Kf1 Nd7
28. Ke2 Ne5 29. Bb6 Bd8 30. Bxd8 Rxd8 31. Nc5 g5 32. Rac1 Kf8 33. Nc4 Rxd1 34.
Kxd1 Nxc4 35. Rxc4 Ke7 36. b3 Rc8 37. Kd2 e5 38. Rc2 Rc7 39. Nd3 Rxc2+ 40. Kxc2
f6 41. g4 1/2-1/2

[Event "Donau op 19th"]
[Site "Aschach"]
[Date "2010.12.27"]
[Round "3"]
[White "Moser, Eva"]
[Black "Sandhoefner, Florian"]
[Result "1-0"]
[WhiteElo "2413"]
[BlackElo "2243"]
[PlyCount "151"]
[EventDate "2010.12.26"]
[EventType "swiss"]
[EventRounds "7"]
[EventCountry "AUT"]
[SourceTitle "CBM 140 Extra"]
[Source "ChessBase"]
[SourceDate "2011.03.01"]
[SourceVersion "1"]
[SourceVersionDate "2011.03.01"]
[SourceQuality "1"]

1. e4 e5 2. Nf3 Nf6 3. d3 Nc6 4. c3 d5 5. Nbd2 a5 6. a4 Bc5 7. Be2 O-O 8. O-O
Re8 9. h3 Bb6 10. Re1 h6 11. Qc2 Be6 12. Nf1 Qd7 13. Ne3 Rad8 14. exd5 Nxd5 15.
Nc4 Bf5 16. Bf1 f6 17. Bd2 Bc5 18. Rad1 b6 19. Bc1 Kh8 20. Nfd2 Bf8 21. Ne4 Bh7
22. Qb3 Bg6 23. Be2 Bf7 24. Bf3 Bg8 25. Ng3 Be6 26. Bh5 Bf7 27. Bxf7 Qxf7 28.
Ne3 Qd7 29. Qc4 Nf4 30. Nef5 Qd5 31. Qxd5 Nxd5 32. Nh4 Kh7 33. Nf3 Re7 34. h4
Red7 35. Kf1 Nf4 36. Bxf4 exf4 37. Ne2 Rxd3 38. Rxd3 Rxd3 39. Nxf4 Rd7 40. h5
Bd6 41. Ng6 Rd8 42. Re4 Kg8 43. g4 Kf7 44. Ke2 Bc5 45. Nfh4 Rc8 46. Nf5 Rd8 47.
f3 Rd7 48. Ke1 Rd8 49. Ngh4 Ne7 50. Nxe7 Bxe7 51. Nf5 Bc5 52. Ke2 Rd7 53. b4
axb4 54. cxb4 Bf8 55. Rc4 c5 56. b5 Be7 57. Re4 Bd8 58. Re3 g6 59. hxg6+ Kxg6
60. Rd3 Rxd3 61. Kxd3 h5 62. Ke4 hxg4 63. fxg4 Kg5 64. Kf3 Bc7 65. Ng7 Bd6 66.
Ne6+ Kh4 67. Nf4 c4 68. Nd5 Be5 69. Nxb6 c3 70. Ke2 Kxg4 71. Nc4 Bb8 72. b6 f5
73. a5 f4 74. a6 f3+ 75. Kf1 Kf4 76. Na3 1-0

[Event "Donau op 19th"]
[Site "Aschach"]
[Date "2010.12.26"]
[Round "1"]
[White "Moser, Eva"]
[Black "Gratze, Michael"]
[Result "1-0"]
[WhiteElo "2413"]
[BlackElo "2086"]
[PlyCount "107"]
[EventDate "2010.12.26"]
[EventType "swiss"]
[EventRounds "7"]
[EventCountry "AUT"]
[SourceTitle "CBM 140 Extra"]
[Source "ChessBase"]
[SourceDate "2011.03.01"]
[SourceVersion "1"]
[SourceVersionDate "2011.03.01"]
[SourceQuality "1"]

1. e4 e6 2. d3 d5 3. Nd2 Nf6 4. Ngf3 Be7 5. g3 c5 6. Bg2 Nc6 7. O-O b6 8. Re1
Bb7 9. c3 Qc7 10. exd5 Nxd5 11. Ne4 h6 12. a3 g5 13. d4 O-O-O 14. Qe2 cxd4 15.
Nxd4 Nxd4 16. cxd4 Kb8 17. Bd2 Bc6 18. Rec1 Qb7 19. b4 a6 20. Rxc6 Qxc6 21.
Qxa6 Rc8 22. Nc3 Rhd8 23. Nb5 Qa8 24. Qxa8+ Kxa8 25. Kf1 Kb8 26. Ke2 Rc4 27.
Kd3 Rdc8 28. Bf3 Bf6 29. Bh5 e5 30. Bxf7 e4+ 31. Kxe4 Rc2 32. Kd3 Ne7 33. Re1
Nf5 34. Be6 Nxd4 35. Bxc8 Rxd2+ 36. Kxd2 Nxb5 37. Re8 Nd6 38. Re6 Kc7 39. Ba6
Bb2 40. Bd3 Bxa3 41. b5 Bc5 42. Ke2 Nf7 43. Rf6 Ne5 44. Rxh6 Bxf2 45. Rh7+ Kd6
46. Kxf2 Nxd3+ 47. Ke3 Ne5 48. Ke4 Ng4 49. Kf5 Ne3+ 50. Kxg5 Kc5 51. h4 Kxb5
52. h5 Kc6 53. h6 b5 54. Re7 1-0